000 00618nam a22002057a 4500
999 _c20858
_d20858
003 AR-CdUCM
008 190402b ||||| |||| 00| 0 spa d
040 _aMUNICIPALIDAD PROVINCIAL DEL CUSCO
_cBIBLIOTECA MUNICIPAL DEL CUSCO
082 _aEP / 808.3 /
_bA57
100 _aAndersen, H.C.
_931287
245 _aFabulin 1 :
_bEl ruiseñor /
260 _bCodex,
300 _bIlustraciones,
_c25 cm.
_a32 páginas ;
440 _aLos cuentos de fabulin
_943548
505 _aContenidos :Cuentos infantiles.
650 _aCuentos
_9217
650 _aLiteratura infantil
_9588
942 _2ddc
_cLIBROS
945 _arcc